000 00215nam a2200097Ia 4500
008 190216s9999||||xx |||||||||||||| ||und||
100 _aNull
245 0 _aHindi-Gadya Manjari
260 _bOrient Longman
942 _cBK
999 _c17377
_d17377